Statistics for Aequornithes by genus (Water bird clade)

Click here to take the quiz!

General Stats

  • This quiz has been taken 11 times
  • The average score is 16 of 26

Answer Stats

Answer% Correct
Ciconia
100%
Fregata
100%
Gavia
100%
Oceanites
100%
Pelecanus
100%
Phaethon
100%
Anhinga
75%
Ardea
75%
Balaeniceps
75%
Fulmarus
75%
Morus
75%
Phalacrocorax
75%
Scopus
75%
Spheniscus
75%
Sula
75%
Eurypyga
50%
Ixobrychus
50%
Pelecanoides
50%
Pterodroma
50%
Puffinus
50%
Oceanodroma
25%
Pelagodroma
25%
Phoebastria
25%
Leptoptilos
0%
Theristicus
0%
Tigrisoma
0%

Score Distribution

Percentile by Number Answered

Percent of People with Each Score

Your Score History

You have not taken this quiz